載入...
Vallarthumakkal
| 主要作者: | |
|---|---|
| 格式: | Printed Book |
| 出版: |
Thamarasseri;
Sakhi Book Stall;
1970
|
| 主題: |
| LEADER | 00411nam a22001337a 4500 | ||
|---|---|---|---|
| 082 | |b BHA/V | ||
| 100 | |a Bharathaputhran |9 304262 | ||
| 245 | |a Vallarthumakkal | ||
| 260 | |a Thamarasseri; |b Sakhi Book Stall; |c 1970 | ||
| 300 | |a 211p. | ||
| 650 | |a Malayalam |9 304263 | ||
| 942 | |c BK | ||
| 999 | |c 74935 |d 74935 | ||
| 952 | |0 0 |1 0 |4 0 |6 BHA_V |7 0 |9 88212 |a MAL |b MAL |d 2017-03-24 |e TE3231 |g 10.00 |l 0 |o BHA/V |p MAL0TE 3231 |r 2017-03-24 |t 1 |w 2017-03-24 |y BK | ||